| 000 | 01554cam a22003494a 4500 | ||
|---|---|---|---|
| 999 |
_c331933 _d331933 |
||
| 001 | 12668189 | ||
| 003 | NUST | ||
| 005 | 20171102163725.0 | ||
| 008 | 020204s2002 cauab b 001 0 eng | ||
| 010 | _a 2002101651 | ||
| 020 | _a0125135637 (alk. paper) | ||
| 035 | _a(DLC) 2002101651 | ||
| 040 |
_aDLC _cDLC _dDLC |
||
| 042 | _apcc | ||
| 050 | 0 | 0 |
_aTD426 _b.H35 2002 |
| 082 | 0 | 0 |
_a628.162 NAF _221 |
| 245 | 0 | 0 |
_aHandbook of groundwater remediation using permeable reactive barriers : _bapplications to radionuclides, trace metals, and nutrients / _cEdited by David L. Naftz ... [et al.]. |
| 260 |
_aSan Diego, Calif. : _bAcademic Press, _cc2002. |
||
| 300 |
_axxv, 539 p. : _bill. (1 col.), maps ; _c24 cm. |
||
| 500 | _aH.B | ||
| 504 | _aIncludes bibliographical references and index. | ||
| 650 | 0 |
_aGroundwater _xPurification. _92339 |
|
| 650 | 0 |
_aMembranes (Technology) _91015 |
|
| 650 | 0 |
_aRadioactive pollution of water. _95887 |
|
| 650 | 0 |
_aMetals _xEnvironmental aspects. _95888 |
|
| 650 | 0 |
_aTrace elements in water _xEnvironmental aspects. _95889 |
|
| 650 | 0 |
_aNutrient pollution of water. _95890 |
|
| 700 | 1 |
_aNaftz, David L. _95891 |
|
| 856 | 4 | 2 |
_3Publisher description _uhttp://www.loc.gov/catdir/description/els031/2002101651.html |
| 856 | 4 | 1 |
_3Table of contents _uhttp://www.loc.gov/catdir/toc/els031/2002101651.html |
| 906 |
_a7 _bcbc _corignew _d2 _eepcn _f20 _gy-gencatlg |
||
| 942 |
_2ddc _cBK _kIESE |
||